Normal view
MARC view
Entry Personal Name
001 - CONTROL NUMBER
- control field: 5750
003 - CONTROL NUMBER IDENTIFIER
- control field: OSt
005 - DATE AND TIME OF LATEST TRANSACTION
- control field: 20150814175255.0
008 - FIXED-LENGTH DATA ELEMENTS
- fixed length control field: 150814|| aca||aabn | a|a d
040 ## - CATALOGING SOURCE
- Original cataloging agency: OSt
- Transcribing agency: OSt
100 ## - HEADING--PERSONAL NAME
- Personal name: Kumar, Pradeep
670 ## - SOURCE DATA FOUND
- Source citation: Work cat.: (OSt)8791: Kumar, Pradeep, Dictionary Of Global Positioning System, 2007









